| 000 | 004440000a22001810004500 | ||
|---|---|---|---|
| 003 | LK-CoMWRAF | ||
| 008 | 230817t ||||| |||| 00| 0 eng d | ||
| 040 |
_aLK-CoMWRAF _dLK-CoMWRAF _eLK-CoMWRAF |
||
| 041 | _aeng | ||
| 082 |
_a021 _bVAR |
||
| 100 | _aVairamuthu, Ponmany | ||
| 245 |
_aAvalukku merle oru vaanam _b |
||
| 250 | _a2nd.ed | ||
| 260 |
_aChennai _bSurya literature _c1994 |
||
| 300 | _ap.296 | ||
| 650 | _aLiterature | ||
| 942 | _cBK | ||
| 999 |
_c2687 _d2687 |
||